Liedtext - So wie du warst - Unheilig - Statistiken

Allgemein
  • Dieses Quiz wurde 155 mal gespielt
    113 seit der letzten Aktualisierung
  • Das Durchschnittsergebnis liegt bei 164 aus 227
Antwortstatistiken
Textquiz % Korrekt
du
95%
So
95%
so
95%
warst
95%
wie
95%
ich
83%
Ich
83%
die
81%
mir
80%
bei
79%
hier
79%
bleibst
77%
immer
77%
da
75%
dich
74%
bist
73%
und
71%
Und
71%
Zeit
70%
bin
69%
für
68%
Für
68%
dir
67%
an
63%
von
62%
nicht
61%
Sie
58%
viel
58%
bleibt
57%
sein
57%
werde
57%
mein
56%
deine
55%
Hab
54%
liebst
54%
mich
54%
wo
52%
Ein
50%
Freund
50%
keine
50%
Angst
49%
auf
49%
halt
49%
erzählt
48%
in
48%
Lass
48%
sorge
46%
unsere
46%
los
45%
sind
44%
fest
43%
Halte
43%
halte
43%
stolz
42%
erinner
39%
Jahre
39%
des
38%
Hand
38%
Tage
38%
vorbei
38%
Ganz
37%
Jeder
37%
Leben
37%
egal
36%
Glücks
36%
schau
36%
ziehen
36%
Gedanken
35%
Wohin
35%
zurück
35%
flogen
33%
Ehren
31%
ganzes
31%
Augenblick
30%
ihn
30%
zieht
30%
Moment
29%
kurze
25%
mit
19%
Keine übereinstimmenden Quizze gefunden
Verteilung der Resultate
Anzahl Personen mit jedem Resultat
Perzentil nach korrekt beantworteten Fragen
Ihre Resultats-Entwicklung
Sie haben dieses Quiz seit der letzten Aktualisierung nicht gespielt